English Premier League Players by Nationality - Statistics

General Stats
  • This quiz has been taken 125 times
  • The average score is 52 of 66
Answer Stats
# of Players Country Example Player % Correct
15 Belgium Kevin De Bruyne
100%
20 Netherlands Virgil van Dijk
100%
19 Portugal Bruno Fernandes
100%
16 Scotland Andrew Robertson
100%
21 Spain Rodri
100%
32 Brazil Casemiro
99%
14 Argentina Julian Alvarez
98%
13 Denmark Christian Eriksen
98%
176 England Bukayo Saka
98%
9 Germany Kai Havertz
97%
5 Norway Erling Haaland
97%
4 South Korea Son Heung-min
97%
6 Sweden Alexander Isak
97%
21 France Moussa Diaby
96%
8 Italy Sandro Tonali
96%
5 Ukraine Oleksandr Zinchenko
96%
15 Ireland Evan Ferguson
95%
6 Colombia Luis Diaz
94%
2 Egypt Mohamed Salah
94%
3 Japan Kaoru Mitoma
94%
3 Croatia Josko Gvardiol
93%
3 Uruguay Darwin Nunez
92%
3 Morocco Sofyan Amrabat
91%
3 Serbia Aleksandar Mitrovic
91%
15 Wales Brennan Johnson
91%
6 Ghana Mohammed Kudus
90%
2 Hungary Dominik Szoboszlai
90%
2 Mexico Raul Jimenez
90%
6 United States Matt Turner
90%
4 Greece Kostas Tsimikas
89%
4 Poland Matty Cash
89%
2 Northern Ireland Jonny Evans
88%
6 Senegal Nicolas Jackson
88%
2 Czechia Tomas Soucek
87%
5 Switzerland Fabian Schar
87%
2 Algeria Said Benrahma
85%
4 Cameroon Andre Onana
85%
5 Nigeria Taiwo Awoniyi
85%
2 Ecuador Moises Caicedo
84%
2 Slovakia Martin Dubravka
82%
7 Ivory Coast Serge Aurier
80%
2 New Zealand Chris Wood
80%
3 Paraguay Miguel Almiron
80%
1 Finland Lucas Bergstrom
79%
1 Romania Ionut Radu
78%
1 Iceland Johann Berg Gudmundsson
76%
5 Jamaica Michail Antonio
75%
1 Bosnia & Herzegovina Anel Ahmedhodzic
74%
2 Albania Armando Broja
73%
1 Australia Tyrese Francois
72%
1 South Africa Lyle Foster
66%
5 Mali Yves Bissouma
65%
1 Austria Sasa Kalajdzic
64%
2 DR Congo Yoane Wissa
63%
1 Israel Manor Solomon
62%
2 Tunisia Anis Ben Slimane
58%
1 Kosovo Arijanet Muric
52%
1 Estonia Karl Jakob Hein
50%
1 Gabon Mario Lemina
49%
1 Iran Saman Ghoddos
45%
1 Zimbabwe Marvelous Nakamba
40%
3 Burkina Faso Issa Kabore
39%
1 Costa Rica Brandon Aguilera
34%
1 Guinea-Bissau Beto
27%
1 Turkiye Altay Bayindir
21%
1 Grenada Shandon Baptiste
17%
No matching quizzes found
Score Distribution
Percent of People with Each Score
Percentile by Number Answered
Your Score History
You have not taken this quiz